Flags of Asia: Randomized - Statistics

General Stats
  • This quiz has been taken 135 times
  • The average score is 43 of 48
Answer Stats
Picture Answer % Correct
China
98%
Georgia
98%
Japan
98%
Iran
96%
Lebanon
96%
Nepal
96%
North Korea
96%
Saudi Arabia
96%
Bangladesh
94%
Cyprus
94%
India
94%
Indonesia
94%
Israel
94%
Pakistan
94%
Qatar
94%
South Korea
94%
Sri Lanka
94%
Taiwan
94%
Vietnam
94%
Bhutan
92%
Kazakhstan
92%
Kyrgyzstan
92%
Thailand
92%
Turkey
92%
Cambodia
90%
Singapore
90%
United Arab Emirates
90%
Bahrain
88%
Brunei
88%
Iraq
88%
Jordan
88%
Kuwait
88%
Malaysia
88%
Mongolia
88%
Myanmar
88%
Syria
88%
Armenia
86%
Laos
86%
Turkmenistan
86%
Uzbekistan
86%
Yemen
86%
Maldives
84%
Oman
84%
Philippines
84%
Tajikistan
82%
Timor Leste
82%
Afghanistan
80%
Azerbaijan
80%
No matching quizzes found
Score Distribution
Percent of People with Each Score
Percentile by Number Answered
Your Score History
You have not taken this quiz